000 01272 a2200325 4500
502 _aThèse
653 1 _aSciences et Techniques de Production Animale
100 _aADDA, Fiacre D.
041 _bFr
245 _aEtude de l'organisation des élevages commerciaux et modernes de poules pondeuses : stratégies de gestion et mode planification en relation avec la demande du marché : cas des départements de l'Atlantique et Litoral
300 _aXIII-120 p.
650 _aAVICULTURE
650 _aELEVAGE
650 _aPOULE
650 _aPOULE
650 _aAGRONOMIE
300 _bill., graph., tabl.
130 _lFr
710 _a<Abomey-Calavi>, <Université d'Abomey-Calavi>, <FAculté des Sciences Agronomiques>, <UAC>, <BJ>
040 _aDoc.
651 _aDEPARTEMENT ATLANTIQUE
651 _aDEPARTEMENT LITORAL
041 _bFr
041 _bEn
653 1 _aSciences et Techniques de Production Animale
651 _aBENIN
520 _aLa présente étude traite des stratégies de gestion et mode de planification de la production des élevages commerciaux et modernes de poules pondeuses en relation avec la demande du marché dans le département de l'Atlantique et du Litoral...
690 _aPOULE PONDEUSE
999 _c30541
_d30541